{"text_format":"3","workbook":"xls","n_sheets":11,"sheets":["sheet1","Sheet2","Sheet3","Sheet4","Sheet5","Sheet6","Sheet7","Sheet8","Sheet9","Sheet10","Sheet11"],"read":"whole","date_system":"1900","formulas":"cached_only"}

{"sheet":"sheet1","index":0,"n_rows":10,"n_cols":13,"rows_kept":10,"merged":[[0,2,0,11],[1,2,1,11],[2,2,2,11]],"flags":["formulas_cached_only"]}
[null,null,"五金收料统计日报表"]
[null,null,"日期：   18  年      9 月     15  日                             填表人： 郑天秀"]
[null,null,"单位：江苏中大杆塔"]
[null,"入库单号","品名","规格","数量","单位","单价","金额","供应商名称","联系方式","采购员","检验员","备注"]
[null,2126,"乙炔",null,14,"瓶",56,784,"邳州苏源制氧有限公司",86441420,"刘江山"]
[null,2127,"氧气",null,10,"瓶",30,300,"邳州苏源制氧有限公司",86441420,"刘江山"]
[null,null,"二氧",null,4,"瓶",39,156,"邳州苏源制氧有限公司",86441420,"刘江山"]
[null,2128,"洗衣粉",null,400,"包",1.65,660,"周郢",null,"刘江山"]
[null,2129,"氧气",null,12,"瓶",30,360,"邳州苏源制氧有限公司",86441420,"刘江山"]
[null,null,"二氧",null,2,"瓶",39,78,"邳州苏源制氧有限公司",86441420,"刘江山"]

{"sheet":"Sheet2","index":1,"n_rows":10,"n_cols":13,"rows_kept":10,"merged":[[0,2,0,11],[1,2,1,11],[2,2,2,11]],"flags":["formulas_cached_only"]}
[null,null,"五金收料统计日报表"]
[null,null,"日期：   18  年      9 月     16 -17 日                             填表人： 郑天秀"]
[null,null,"单位：江苏中大杆塔"]
[null,"入库单号","品名","规格","数量","单位","单价","金额","供应商名称","联系方式","采购员","检验员","备注"]
[null,2134,"氧气",null,12,"瓶",30,360,"邳州苏源制氧有限公司",86441420,"刘江山"]
[null,null,"二氧",null,2,"瓶",39,78,"邳州苏源制氧有限公司",86441420,"刘江山"]
[null,2135,"氧气",null,12,"瓶",30,360,"邳州苏源制氧有限公司",86441420,"刘江山"]
[null,2136,"乙炔",null,13,"瓶",56,728,"邳州苏源制氧有限公司",86441420,"刘江山"]
[null,2137,"乙炔",null,22,"瓶",56,1232,"邳州苏源制氧有限公司",86441420,"刘江山"]
[null,2138,"氧气",null,14,"瓶",30,420,"邳州苏源制氧有限公司",86441420,"刘江山"]

{"sheet":"Sheet3","index":2,"n_rows":12,"n_cols":12,"rows_kept":12,"merged":[[0,2,0,11],[1,2,1,11],[2,2,2,11]],"flags":["formulas_cached_only"]}
[null,null,"五金收料统计日报表"]
[null,null,"日期：   18  年      9 月     17 -18 日                             填表人： 郑天秀"]
[null,null,"单位：江苏中大杆塔"]
[null,"入库单号","品名","规格","数量","单位","单价","金额","供应商名称","联系方式","采购员","检验员"]
[null,2141,"美能达碳粉","TN117",2,"盒",90,180,"邳州市创业办公设备经营部",null,"刘江山"]
[null,null,"订书钉",null,10,"盒",1,10,"邳州市创业办公设备经营部",null,"刘江山"]
[null,null,"黑色中性笔",null,2,"盒",9.6,19.2,"邳州市创业办公设备经营部",null,"刘江山"]
[null,2142,"氧气",null,10,"瓶",30,300,"邳州苏源制氧有限公司",86441420,"刘江山"]
[null,null,"二氧",null,4,"瓶",4,156,"邳州苏源制氧有限公司",86441420,"刘江山"]
[null,2144,"乙炔",null,12,"瓶",56,672,"邳州苏源制氧有限公司",86441420,"刘江山"]
[null,2145,"氧气",null,7,"瓶",30,210,"邳州苏源制氧有限公司",86441420,"刘江山"]
[null,null,"二氧",null,5,"瓶",39,195,"邳州苏源制氧有限公司",86441420,"刘江山"]

{"sheet":"Sheet4","index":3,"n_rows":7,"n_cols":12,"rows_kept":7,"merged":[[0,2,0,11],[1,2,1,11],[2,2,2,11]],"flags":["formulas_cached_only"]}
[null,null,"五金收料统计日报表"]
[null,null,"日期：   18 年 9 月 19 日                             填表人： 郑天秀"]
[null,null,"单位：江苏中大杆塔"]
[null,"入库单号","品名","规格","数量","单位","单价","金额","供应商名称","联系方式","采购员","检验员"]
[null,2148,"氧气",null,14,"瓶",30,420,"邳州苏源制氧有限公司",86441420,"刘江山"]
[null,null,"二氧",null,6,"瓶",39,234,"邳州苏源制氧有限公司",86441420,"刘江山"]
[null,2149,"乙炔",null,10,"瓶",56,560,"邳州苏源制氧有限公司",86441420,"刘江山"]

{"sheet":"Sheet5","index":4,"n_rows":7,"n_cols":13,"rows_kept":7,"merged":[[0,2,0,11],[1,2,1,11],[2,2,2,11]],"flags":["formulas_cached_only"]}
[null,null,"五金收料统计日报表"]
[null,null,"日期：   18  年 9 月 20 日                             填表人： 郑天秀"]
[null,null,"单位：江苏中大杆塔"]
[null,"入库单号","品名","规格","数量","单位","单价","金额","供应商名称","联系方式","采购员","检验员","备注"]
[null,2150,"氧气",null,14,"瓶",30,420,"邳州苏源制氧有限公司",86441420,"刘江山"]
[null,null,"二氧",null,8,"瓶",39,312,"邳州苏源制氧有限公司",86441420,"刘江山"]
[null,2151,"乙炔",null,8,"瓶",56,448,"邳州苏源制氧有限公司",86441420,"刘江山"]

{"sheet":"Sheet6","index":5,"n_rows":35,"n_cols":13,"rows_kept":35,"merged":[[0,2,0,11],[1,2,1,11],[2,2,2,11]],"flags":["formulas_cached_only"]}
[null,null,"五金收料统计日报表"]
[null,null,"日期：   18  年 9 月  21- 25 日                             填表人： 郑天秀"]
[null,null,"单位：江苏中大杆塔"]
[null,"入库单号","品名","规格","数量","单位","单价","金额","供应商名称","联系方式","采购员","检验员","备注"]
[null,2155,"乙炔",null,13,"瓶",56,728,"邳州苏源制氧有限公司",null,"刘江山"]
[null,2156,"氧气",null,9,"瓶",30,270,"邳州苏源制氧有限公司",null,"刘江山"]
[null,null,"二氧",null,5,"瓶",39,195,"邳州苏源制氧有限公司",null,"刘江山"]
[null,2157,"氧气",null,10,"瓶",30,300,"邳州苏源制氧有限公司",null,"刘江山"]
[null,null,"二氧",null,4,"瓶",39,156,"邳州苏源制氧有限公司",null,"刘江山"]
[null,2158,"氧气",null,7,"瓶",30,210,"邳州苏源制氧有限公司",null,"刘江山"]
[null,null,"二氧",null,7,"瓶",39,273,"邳州苏源制氧有限公司",null,"刘江山"]
[null,2159,"氧气",null,8,"瓶",30,240,"邳州苏源制氧有限公司",null,"刘江山"]
[null,null,"二氧",null,6,"瓶",39,234,"邳州苏源制氧有限公司",null,"刘江山"]
[null,2160,"乙炔",null,13,"瓶",56,728,"邳州苏源制氧有限公司",null,"刘江山"]
[null,2161,"磁吸盘","1T",1,"台",850,850,"江苏友盛机械设备有限公司",null,"刘江山"]
[null,2162,"千斤顶","25T",2,"台",320,640,"江苏友盛机械设备有限公司",null,"刘江山"]
[null,2163,"电焊面罩",null,40,"个",3.25,130,"临沂顺鑫陆劳保有限公司",null,"刘江山"]
[null,null,"焊工面罩","埋弧焊用",2,"个",55,110,"临沂顺鑫陆劳保有限公司",null,"刘江山"]
[null,2164,"短皮手套",null,800,"双",3.4,2720,"临沂顺鑫陆劳保有限公司",null,"刘江山"]
[null,2165,"砂轮片","100*6*16",600,"片",1.18,708,"浙江蓝鸟砂轮有限公司 广东大唐小太阳磨具",null,"刘江山"]
[null,null,"砂轮片","125*6*22",600,"片",2,1200,"浙江蓝鸟砂轮有限公司 广东大唐小太阳磨具",null,"刘江山"]
[null,2166,"锥柄麻花钻","Φ56",1,"支",540,540,"徐州海量物资贸易有限公司",null,"刘江山"]
[null,null,"白钢刀","20*200",2,"支",69,138,"徐州海量物资贸易有限公司",null,"刘江山"]
[null,null,"白钢刀","25*200",2,"支",99,198,"徐州海量物资贸易有限公司",null,"刘江山"]
[null,2167,"绝缘套","500A",100,"个",4,400,"临沂市金桥焊接器材有限公司",null,"刘江山"]
[null,null,"紫铜连接杆","500A",50,"只",3.5,175,"临沂市金桥焊接器材有限公司",null,"刘江山"]
[null,null,"导电嘴",1.2,100,"个",2.3,230,"临沂市金桥焊接器材有限公司",null,"刘江山"]
[null,2168,"氧气",null,6,"瓶",30,180,"邳州苏源制氧有限公司",null,"刘江山"]
[null,null,"二氧",null,8,"瓶",39,312,"邳州苏源制氧有限公司",null,"刘江山"]
[null,2169,"记号笔","红",20,"支",0.5,10,"邳州石荣海建材五金",null,"刘江山",null,"2盒每盒10支共20支"]
[null,null,"铁丝","8#",2,"卷",160,320,"邳州石荣海建材五金",null,"刘江山"]
[null,null,"手电筒",null,2,"个",40,80,"邳州石荣海建材五金",null,"刘江山",null,"手提式电筒"]
[null,null,"手电筒",null,2,"个",15,30,"邳州石荣海建材五金",null,"刘江山",null,"小手电筒"]
[null,null,"锁",null,5,"个",4,20,"邳州石荣海建材五金",null,"刘江山"]
[null,2170,"二氧",null,12,"瓶",39,468,"邳州苏源制氧有限公司"]

{"sheet":"Sheet7","index":6,"n_rows":11,"n_cols":12,"rows_kept":11,"merged":[[0,2,0,11],[1,2,1,11],[2,2,2,11]],"flags":["formulas_cached_only"]}
[null,null,"五金收料统计日报表"]
[null,null,"日期：   18  年 9 月  26 日                             填表人： 郑天秀"]
[null,null,"单位：江苏中大杆塔"]
[null,"入库单号","品名","规格","数量","单位","单价","金额","供应商名称","联系方式","采购员","检验员"]
[null,2171,"铁丝","8#",4,"卷",160,640,"邳州石荣海建材五金",null,"刘江山"]
[null,2172,"氧气",null,11,"瓶",30,330,"邳州苏源制氧有限公司",null,"刘江山"]
[null,null,"二氧",null,8,"瓶",39,312,"邳州苏源制氧有限公司",null,"刘江山"]
[null,2173,"乙炔",null,14,"瓶",56,784,"邳州苏源制氧有限公司",null,"刘江山"]
[null,2174,"链条","14A",20,"根",24,480,"现金供应商",null,"刘江山"]
[null,null,"链条接头","14A",20,"个",0.8,16,"现金供应商",null,"刘江山"]
[null,2175,"电机","1.5KW",1,"台",720,720,"邳州市陇海机电门市",null,"刘江山"]

{"sheet":"Sheet8","index":7,"n_rows":7,"n_cols":12,"rows_kept":7,"merged":[[0,2,0,11],[1,2,1,11],[2,2,2,11]],"flags":["formulas_cached_only"]}
[null,null,"五金收料统计日报表"]
[null,null,"日期：   18  年 9 月  27 日                             填表人： 郑天秀"]
[null,null,"单位：江苏中大杆塔"]
[null,"入库单号","品名","规格","数量","单位","单价","金额","供应商名称","联系方式","采购员","检验员"]
[null,2176,"氧气",null,13,"瓶",30,390,"邳州苏源制氧有限公司",null,"刘江山"]
[null,null,"二氧",null,14,"瓶",39,546,"邳州苏源制氧有限公司",null,"刘江山"]
[null,2177,"乙炔",null,9,"瓶",56,504,"邳州苏源制氧有限公司",null,"刘江山"]

{"sheet":"Sheet9","index":8,"n_rows":7,"n_cols":12,"rows_kept":7,"merged":[[0,2,0,11],[1,2,1,11],[2,2,2,11]],"flags":["formulas_cached_only"]}
[null,null,"五金收料统计日报表"]
[null,null,"日期：   18  年 9 月  28 日                             填表人： 郑天秀"]
[null,null,"单位：江苏中大杆塔"]
[null,"入库单号","品名","规格","数量","单位","单价","金额","供应商名称","联系方式","采购员","检验员"]
[null,2178,"电位器","WXD3-13",10,"个",7,70,"邳州盛昌五金交电经营部",null,"刘江山"]
[null,2179,"氧气",null,8,"瓶",30,240,"邳州苏源制氧有限公司",null,"刘江山"]
[null,null,"二氧",null,6,"瓶",39,234,"邳州苏源制氧有限公司",null,"刘江山"]

{"sheet":"Sheet10","index":9,"n_rows":14,"n_cols":13,"rows_kept":14,"merged":[[0,2,0,11],[1,2,1,11],[2,2,2,11]],"flags":["formulas_cached_only"]}
[null,null,"五金收料统计日报表"]
[null,null,"日期：   18  年 9 月  29 日                             填表人： 郑天秀"]
[null,null,"单位：江苏中大杆塔"]
[null,"入库单号","品名","规格","数量","单位","单价","金额","供应商名称","联系方式","采购员","检验员"]
[null,2182,"卷尺","5米",15,"个",13,195,"邳州石荣海建材五金",null,"刘江山"]
[null,2183,"氧气",null,13,"瓶",30,390,"邳州苏源制氧有限公司",null,"刘江山"]
[null,null,"二氧",null,10,"瓶",39,390,"邳州苏源制氧有限公司",null,"刘江山"]
[null,2184,"乙炔",null,11,"瓶",56,616,"邳州苏源制氧有限公司",null,"刘江山"]
[]
[]
[null,"以下为手写入库",{"$nulls":10},"备注"]
[null,null,"复印机维修",{"$nulls":4},450,"邳州创业办公设备经营部",null,"刘江山",null,"复印机换鼓组件"]
[null,null,"等离子切割机维修",{"$nulls":4},800,"南通锐锋机电设备有限公司",null,"刘江山",null,"2018/7/31等离子机漏冷却液"]
[null,null,"等离子切割机维修",{"$nulls":4},800,"南通锐锋机电设备有限公司",null,"刘江山",null,"18/8/14等离子机硬盘坏了"]

{"sheet":"Sheet11","index":10,"n_rows":13,"n_cols":13,"rows_kept":13,"merged":[[0,2,0,11],[1,2,1,11],[2,2,2,11]],"flags":["formulas_cached_only"]}
[null,null,"五金收料统计日报表"]
[null,null,"日期：   18  年 9 月 30 日                             填表人： 郑天秀"]
[null,null,"单位：江苏中大杆塔"]
[null,"入库单号","品名","规格","数量","单位","单价","金额","供应商名称","联系方式","采购员","检验员","备注"]
[null,2185,"氧气",null,10,"瓶",30,300,"邳州苏源制氧有限公司",null,"刘江山"]
[null,null,"二氧",null,5,"瓶",39,195,"邳州苏源制氧有限公司",null,"刘江山"]
[null,2186,"氧气",null,6,"瓶",30,180,"邳州苏源制氧有限公司",null,"刘江山"]
[null,null,"二氧",null,8,"瓶",39,312,"邳州苏源制氧有限公司",null,"刘江山"]
[]
[null,"以下为手写入库"]
[null,"制动总成",null,null,1,"个",null,450,null,null,"刘江山",null,"维修5吨叉车刹车用"]
[null,"制动液",null,null,1,"瓶",null,30,null,null,"刘江山",null,"维修5吨叉车刹车用"]
[null,"工时费",{"$nulls":5},50,null,null,"刘江山",null,"维修5吨叉车刹车用"]